[Event "Int. Stuttgarter Stadtmeisterschaft A"]
[Site "Ditzingen"]
[Date "2013.05.11"]
[Round "5.14"]
[White "Khadempour, Farhad"]
[Black "Probst, Alexander"]
[Result "1-0"]
[WhiteElo "2161"]
[BlackElo "1972"]
[PlyCount "127"]
[EventDate "2013.??.??"]
[WhiteTeam "SV Tübingen 1870 e.V."]
[BlackTeam "SC Blauer Turm Bad Wimpfen"]

1. c4 e5 2. Nc3 Nf6 3. Nf3 Nc6 4. e4 Bc5 5. Nxe5 Nxe5 6. d4 Bb4 7. dxe5 Nxe4 8.
Qd4 Nxc3 9. bxc3 Be7 10. Bd3 d6 11. Bf4 O-O 12. O-O dxe5 13. Bxe5 f6 14. Bf4
Bd6 15. Qd5+ Kh8 16. Bxd6 Qxd6 17. Qxd6 cxd6 18. Be4 Re8 19. Rfe1 Rb8 20. Bd5
Bf5 21. Rxe8+ Rxe8 22. Bxb7 Re2 23. h3 Kg8 24. a4 Kf7 25. a5 Ke7 26. a6 Rc2 27.
Ra3 Rb2 28. Ra5 Bd7 29. c5 Rb5 30. cxd6+ Kxd6 31. Ra3 Bc6 32. Bc8 Rb1+ 33. Kh2
Rb2 34. Kg3 g5 35. Bg4 Be8 36. Bc8 Bc6 37. Bg4 Be8 38. Bf3 h5 39. c4 h4+ 40.
Kg4 Bd7+ 41. Kh5 Bf5 42. Ra5 Ke6 43. Bd5+ Kd6 44. f4 Rb8 45. Kh6 gxf4 46. Kg7
Ke5 47. Bf7+ Ke4 48. Kxf6 Rb6+ 49. Kg5 Bc8 50. Bd5+ Ke3 51. Ra3+ Kd4 52. Kxf4
Bxa6 53. Kg5 Bxc4 54. Bxc4 Kxc4 55. Kxh4 Rb7 56. g4 Kb4 57. Ra1 Rc7 58. g5 a5
59. Kg4 a4 60. g6 a3 61. h4 Kb3 62. h5 Kb2 63. Rxa3 Kxa3 64. h6 1-0

[Event "Int. Stuttgarter Stadtmeisterschaft A"]
[Site "Ditzingen"]
[Date "2013.05.11"]
[Round "5.15"]
[White "Zikeli, Saskia"]
[Black "Baskin, Robert"]
[Result "0-1"]
[WhiteElo "2109"]
[BlackElo "2157"]
[PlyCount "88"]
[EventDate "2013.??.??"]
[WhiteTeam "SC Ingersheim e.V."]
[BlackTeam "SAbt TuS Makkabi Ffm"]

1. e4 c5 2. Nf3 d6 3. d4 cxd4 4. Nxd4 Nf6 5. Nc3 a6 6. Bg5 e6 7. f4 Be7 8. Qf3
h6 9. Bh4 Nbd7 10. Bg3 Qc7 11. O-O-O b5 12. Bd3 Bb7 13. Rhe1 b4 14. Nce2 Nc5
15. Ng1 Rc8 16. Kb1 O-O 17. Rd2 Qb8 18. f5 Qa8 19. Rde2 e5 20. Nb3 Nxb3 21.
cxb3 d5 22. exd5 Bxd5 23. Qe3 e4 24. Bc2 Bc5 25. Qc1 Rfe8 26. Bf4 e3 27. Ka1
Bxg2 28. Qb1 Be4 29. Rc1 Bd4 30. Bxe4 Qxe4 31. Qxe4 Rxc1+ 32. Qb1 Rxb1+ 33.
Kxb1 Nd5 34. Bg3 Ne7 35. f6 gxf6 36. Nf3 Bc5 37. Nh4 Nd5 38. Nf5 Kh7 39. Kc2
Kg6 40. Nh4+ Kg5 41. Kd3 Nf4+ 42. Bxf4+ Kxf4 43. Ng2+ Kg4 44. Rc2 Re5 0-1

[Event "Int. Stuttgarter Stadtmeisterschaft A"]
[Site "Ditzingen"]
[Date "2013.05.11"]
[Round "5.16"]
[White "Sand, Rolf"]
[Black "Bräuner, Uwe"]
[Result "1/2-1/2"]
[WhiteElo "1963"]
[BlackElo "2152"]
[PlyCount "52"]
[EventDate "2013.??.??"]
[WhiteTeam "SV Tübingen 1870 e.V."]
[BlackTeam "SF Pfullingen"]

1. c4 c5 2. g3 g6 3. Bg2 Bg7 4. Nc3 Nc6 5. Nf3 b6 6. O-O Bb7 7. e3 Nf6 8. d4 d6
9. d5 Nb8 10. Qe2 O-O 11. b3 a6 12. a4 a5 13. Bb2 Na6 14. Rad1 Nb4 15. Qd2 Bc8
16. Rfe1 Bg4 17. h3 Bxf3 18. Bxf3 Nd7 19. Be2 f5 20. f4 Nf6 21. Bf3 Qd7 22. Kg2
Rf7 23. e4 fxe4 24. Nxe4 h6 25. Nxf6+ exf6 26. Re6 Na6 1/2-1/2

[Event "Int. Stuttgarter Stadtmeisterschaft A"]
[Site "Ditzingen"]
[Date "2013.05.11"]
[Round "5.17"]
[White "Bergauz, Noam"]
[Black "Scharping, Hans-Martin"]
[Result "1-0"]
[WhiteElo "1900"]
[BlackElo "2120"]
[PlyCount "45"]
[EventDate "2013.??.??"]
[WhiteTeam "SK München Südost e.V."]
[BlackTeam "SC Pforzheim 1906"]

1. e4 Nc6 2. Nf3 d5 3. exd5 Qxd5 4. Nc3 Qa5 5. g3 Nf6 6. Bg2 Bg4 7. d3 e6 8. h3
Bh5 9. O-O Bd6 10. a3 O-O-O 11. Be3 Qf5 12. g4 Nxg4 13. hxg4 Bxg4 14. Ne4 Ne5
15. Nd4 Qh5 16. f3 f5 17. Nxd6+ Rxd6 18. Nb5 Rd7 19. Bf4 Bh3 20. Bxe5 Rd5 21.
Nxa7+ Kb8 22. f4 Bg4 23. Qe1 1-0

[Event "Int. Stuttgarter Stadtmeisterschaft A"]
[Site "Ditzingen"]
[Date "2013.05.11"]
[Round "5.18"]
[White "Kabisch, Thilo"]
[Black "Zeller, Elisa"]
[Result "1-0"]
[WhiteElo "2264"]
[BlackElo "1896"]
[PlyCount "99"]
[EventDate "2013.??.??"]
[WhiteTeam "SK Schmiden/Cannstatt"]
[BlackTeam "SF Deizisau"]

1. e4 e6 2. d4 d5 3. e5 c5 4. c3 Nc6 5. Nf3 Bd7 6. Be2 f6 7. O-O Qc7 8. Re1
fxe5 9. Nxe5 Nxe5 10. dxe5 O-O-O 11. Bf4 Be7 12. Na3 g5 13. Bg3 Nh6 14. c4 d4
15. Nb5 Bxb5 16. cxb5 d3 17. Bxd3 c4 18. Qh5 cxd3 19. Rec1 Bc5 20. b4 b6 21.
bxc5 d2 22. Rc2 Nf5 23. Rd1 bxc5 24. Qxg5 Nd4 25. Rcxd2 Nxb5 26. Qf6 Nd4 27. h3
Rhf8 28. Qh6 Qf7 29. Rb1 Qg6 30. Qxg6 hxg6 31. Rdb2 Nc6 32. Rc1 Rd5 33. Rbc2
Rfd8 34. Rxc5 Rxc5 35. Rxc5 Kb7 36. Rb5+ Kc7 37. Rb2 Rd5 38. Kh2 Ra5 39. h4 Kc8
40. Kh3 Nxe5 41. Re2 Nd3 42. Rxe6 Rxa2 43. f3 a5 44. Rxg6 a4 45. Ra6 a3 46. h5
Ra1 47. h6 a2 48. Rxa2 Rh1+ 49. Bh2 Nf4+ 50. Kg4 1-0

[Event "Int. Stuttgarter Stadtmeisterschaft A"]
[Site "Ditzingen"]
[Date "2013.05.11"]
[Round "5.19"]
[White "Jerie, Sven"]
[Black "Neyman, Igor"]
[Result "1/2-1/2"]
[WhiteElo "2023"]
[BlackElo "2334"]
[PlyCount "80"]
[EventDate "2013.??.??"]
[BlackTeam "Stuttgarter SF 1879"]

1. e4 c5 2. Nf3 a6 3. c4 e6 4. d4 cxd4 5. Nxd4 Nf6 6. Nc3 Qc7 7. Bd3 Nc6 8.
Nxc6 dxc6 9. Qe2 e5 10. h3 Be6 11. Be3 Nd7 12. O-O Bc5 13. Rac1 f6 14. b4 Bxe3
15. Qxe3 O-O 16. Rfd1 Qd8 17. Be2 Qe7 18. c5 a5 19. a3 axb4 20. axb4 Rfd8 21.
Rd6 Nf8 22. Rcd1 Bf7 23. Bg4 h5 24. Bf3 Ne6 25. Ne2 Rxd6 26. cxd6 Qd8 27. Ng3
g6 28. Ne2 Ra4 29. Qd2 Qb6 30. d7 Ra8 31. Qd6 Qd8 32. b5 cxb5 33. Nc3 Nd4 34.
Nd5 Bxd5 35. Qxd5+ Kf8 36. Rc1 Ke7 37. Qxb7 Rb8 38. Qa7 Ra8 39. Qb7 Rb8 40. Qa7
Ra8 1/2-1/2

[Event "Int. Stuttgarter Stadtmeisterschaft A"]
[Site "Ditzingen"]
[Date "2013.05.11"]
[Round "5.20"]
[White "Schuster, Gerhard"]
[Black "Raupp, Thomas"]
[Result "0-1"]
[WhiteElo "2017"]
[BlackElo "2325"]
[PlyCount "52"]
[EventDate "2013.??.??"]
[WhiteTeam "SC Feuerbach e. V."]
[BlackTeam "SC Eppingen"]

1. e4 c5 2. Nf3 e6 3. c3 d5 4. exd5 Qxd5 5. d4 Nf6 6. Na3 a6 7. Nc4 Nbd7 8. a4
b6 9. Be3 Bb7 10. Qb3 cxd4 11. Nxd4 Bc5 12. O-O-O O-O 13. Be2 Qxg2 14. Rhg1
Qxh2 15. Rg5 g6 16. Rdg1 Nd5 17. Bf3 Qc7 18. Qc2 Nxe3 19. Rxg6+ fxg6 20. Rxg6+
Kh8 21. Qd2 Nxc4 22. Qh6 Bxd4 23. Bxb7 Qf4+ 24. Qxf4 Rxf4 25. Rxe6 Nc5 26. Bxa8
Nxe6 0-1

[Event "Int. Stuttgarter Stadtmeisterschaft A"]
[Site "Ditzingen"]
[Date "2013.05.11"]
[Round "5.21"]
[White "Scherer, Holger"]
[Black "Gheng, Simona"]
[Result "0-1"]
[WhiteElo "2131"]
[BlackElo "2025"]
[PlyCount "40"]
[EventDate "2013.??.??"]
[WhiteTeam "SK Lauffen"]
[BlackTeam "TSV Schönaich"]

1. e4 c5 2. Nf3 d6 3. d4 cxd4 4. Nxd4 Nf6 5. Nc3 g6 6. Be3 Bg7 7. f3 Nc6 8. Qd2
O-O 9. O-O-O d5 10. Qe1 e5 11. Nxc6 bxc6 12. exd5 Nxd5 13. Ne4 Qc7 14. Bc5 Rd8
15. c4 Bf5 16. g3 Bh6+ 17. Kb1 Nf6 18. Bd3 Nxe4 19. Bxe4 Rxd1+ 20. Qxd1 Bxe4+
0-1

[Event "Int. Stuttgarter Stadtmeisterschaft A"]
[Site "Ditzingen"]
[Date "2013.05.11"]
[Round "5.22"]
[White "Capelja, Christian"]
[Black "Andraschko, Felix"]
[Result "1/2-1/2"]
[WhiteElo "1969"]
[BlackElo "2128"]
[PlyCount "68"]
[EventDate "2013.??.??"]
[WhiteTeam "SpVgg Rommelshausen"]
[BlackTeam "SK Landau"]

1. e4 c5 2. Nf3 e6 3. d4 cxd4 4. Nxd4 a6 5. Nc3 Qc7 6. Be2 b5 7. a3 Bb7 8. O-O
Nf6 9. f3 Bd6 10. g3 Bc5 11. Kg2 d6 12. Bg5 Nbd7 13. Ndxb5 axb5 14. Nxb5 Qc6
15. b4 Bb6 16. Nxd6+ Ke7 17. Nxb7 Qxb7 18. c4 Rhd8 19. Qc2 h6 20. Bd2 Qc6 21.
c5 Nxc5 22. bxc5 Bxc5 23. Bb4 Rdc8 24. Rfc1 Nd7 25. a4 Qd6 26. Bxc5 Rxc5 27.
Qd1 Rxc1 28. Qxc1 Nc5 29. Qc2 Qd4 30. Rd1 Qb4 31. Rb1 Qd4 32. Rd1 Qb4 33. Rb1
Qd4 34. Rd1 Qb4 1/2-1/2

[Event "Int. Stuttgarter Stadtmeisterschaft A"]
[Site "Ditzingen"]
[Date "2013.05.11"]
[Round "5.23"]
[White "Dimitriadis, Pavlos"]
[Black "Schulte, Torsten"]
[Result "1/2-1/2"]
[WhiteElo "1871"]
[BlackElo "2125"]
[PlyCount "60"]
[EventDate "2013.??.??"]
[WhiteTeam "SV Reutlingen"]
[BlackTeam "SC Eppingen"]

1. e4 e5 2. Nf3 Nc6 3. Nc3 Nf6 4. d4 exd4 5. Nxd4 Bb4 6. Nxc6 bxc6 7. Bd3 d5 8.
exd5 cxd5 9. O-O O-O 10. Bg5 c6 11. Na4 Be7 12. c4 Be6 13. Qc2 h6 14. Bh4 Re8
15. Rad1 Qa5 16. a3 Rac8 17. Rfe1 Nh5 18. Bxe7 Rxe7 19. b4 Qd8 20. Nc5 Qd6 21.
Be2 Nf6 22. h3 Rce8 23. Qd2 Bf5 24. cxd5 cxd5 25. Bd3 Bxd3 26. Rxe7 Rxe7 27.
Qxd3 Qe5 28. Qd4 Qe2 29. Qd3 Qe5 30. Qd4 Qe2 1/2-1/2

[Event "Int. Stuttgarter Stadtmeisterschaft A"]
[Site "Ditzingen"]
[Date "2013.05.11"]
[Round "5.24"]
[White "Scheeff, Volker"]
[Black "Tran, Thanh Kien"]
[Result "0-1"]
[WhiteElo "2109"]
[BlackElo "1977"]
[PlyCount "76"]
[EventDate "2013.??.??"]
[WhiteTeam "SK Schmiden/Cannstatt"]
[BlackTeam "VLK Lampertheim"]

1. e4 g6 2. d4 Bg7 3. Nc3 d6 4. f4 a6 5. Nf3 b5 6. Bd3 Bb7 7. O-O Nd7 8. e5 e6
9. Ne4 Bxe4 10. Bxe4 d5 11. Bd3 c5 12. c3 c4 13. Bc2 Ne7 14. g4 h5 15. f5 hxg4
16. fxe6 gxf3 17. Qxf3 Nxe5 18. dxe5 Qb6+ 19. Rf2 Qxe6 20. Bg5 Nc6 21. Bf6 Bxf6
22. exf6 O-O-O 23. a4 b4 24. b3 Rh3 25. Qf4 Rxc3 26. bxc4 Rxc4 27. Qd2 Qg4+ 28.
Kh1 Qd4 29. Qe1 Qc3 30. Qd1 Rd4 31. Qf1 Kb7 32. Re1 Rd2 33. Bxg6 Rxf2 34. Qxf2
fxg6 35. f7 Rf8 36. Re8 Qg7 37. a5 d4 38. Qa2 Qxf7 0-1

[Event "Int. Stuttgarter Stadtmeisterschaft A"]
[Site "Ditzingen"]
[Date "2013.05.11"]
[Round "5.25"]
[White "von Zimmermann, Georg"]
[Black "Kammer, Christoph"]
[Result "1-0"]
[WhiteElo "2070"]
[BlackElo "1968"]
[PlyCount "97"]
[EventDate "2013.??.??"]
[WhiteTeam "MSA Zugzwang 82 e.V."]
[BlackTeam "TSV Nittenau"]

1. e4 c5 2. Nf3 g6 3. Bc4 Bg7 4. O-O Nc6 5. c3 e6 6. Re1 Qc7 7. Bf1 Nge7 8. d4
cxd4 9. cxd4 d5 10. e5 O-O 11. Bg5 Qb6 12. Qd2 Nf5 13. Rd1 f6 14. exf6 Bxf6 15.
Bxf6 Rxf6 16. Nc3 Qd8 17. Na4 Nd6 18. Nc5 b6 19. Nd3 Ne4 20. Qe3 Qf8 21. Rac1
Bb7 22. Rc2 Rf7 23. Rdc1 Rc8 24. Nde5 Rfc7 25. Bb5 Qd6 26. Qa3 Nxe5 27. Qxd6
Nxd6 28. Rxc7 Nxf3+ 29. gxf3 Nxb5 30. Rxc8+ Bxc8 31. Rxc8+ Kg7 32. Kg2 Kf6 33.
Rf8+ Ke7 34. Ra8 Kf6 35. a4 Nxd4 36. Rxa7 Nb3 37. Rb7 Nc5 38. Rxb6 Nxa4 39. Rb5
Ke5 40. Kf1 Kd6 41. Ke2 Kc6 42. Rb8 e5 43. Kd2 d4 44. Kc2 Kd5 45. Rh8 Nc5 46.
Rxh7 e4 47. fxe4+ Kxe4 48. b4 d3+ 49. Kd1 1-0

[Event "Int. Stuttgarter Stadtmeisterschaft A"]
[Site "Ditzingen"]
[Date "2013.05.11"]
[Round "5.26"]
[White "Büter, Norbert"]
[Black "Felser, Martin"]
[Result "1-0"]
[WhiteElo "2048"]
[BlackElo "1880"]
[PlyCount "123"]
[EventDate "2013.??.??"]
[WhiteTeam "SpVgg Rommelshausen"]
[BlackTeam "SK Marktoberdorf"]

1. d4 Nf6 2. c4 e6 3. Nc3 d5 4. Nf3 Nbd7 5. e3 c6 6. Qc2 Be7 7. Bd3 O-O 8. O-O
dxc4 9. Bxc4 Nb6 10. Bd3 Nbd5 11. a3 Nxc3 12. bxc3 g6 13. Bb2 Re8 14. Rfd1 Bf8
15. c4 Bg7 16. Rab1 Qc7 17. Ne5 Nd7 18. Nxd7 Bxd7 19. Qb3 Rab8 20. Rbc1 c5 21.
Be2 Bc6 22. dxc5 Bxb2 23. Qxb2 Ba4 24. Rd4 Qxc5 25. Qb4 Qxb4 26. axb4 e5 27.
Rd3 Red8 28. Ra3 b5 29. c5 Rd2 30. Kf1 e4 31. c6 Rc8 32. Ke1 Rb2 33. c7 Rxb4
34. Rac3 Rb2 35. Rc6 Kg7 36. Ra6 Rc2 37. Rxc2 Bxc2 38. Rxa7 Ba4 39. Kd2 Kf8 40.
Kc3 Ke7 41. Kb4 Kd7 42. Bxb5+ Bxb5 43. Kxb5 Rxc7 44. Rxc7+ Kxc7 45. Kc5 Kd7 46.
Kd5 f5 47. Ke5 Ke7 48. h3 Kf7 49. g4 fxg4 50. hxg4 g5 51. Kf5 h6 52. Kxe4 Ke6
53. f4 gxf4 54. Kxf4 Kf6 55. e4 Kg6 56. e5 Kf7 57. Kf5 Ke7 58. Kg6 Ke6 59. Kxh6
Kxe5 60. g5 Kf5 61. g6 Kf6 62. g7 1-0

[Event "Int. Stuttgarter Stadtmeisterschaft A"]
[Site "Ditzingen"]
[Date "2013.05.11"]
[Round "5.27"]
[White "Bissbort, Julian"]
[Black "Koch, Martin"]
[Result "1-0"]
[WhiteElo "2034"]
[BlackElo "1876"]
[PlyCount "117"]
[EventDate "2013.??.??"]
[WhiteTeam "Heilbronner SV"]
[BlackTeam "SC Schachmatt Botnang"]

1. e4 c5 2. c3 Nf6 3. e5 Nd5 4. d4 cxd4 5. cxd4 Nc6 6. Nc3 Nxc3 7. bxc3 d5 8.
Bd3 g6 9. h4 Bf5 10. Bxf5 gxf5 11. Qh5 Qd7 12. Nh3 h6 13. Ba3 Rg8 14. Nf4 Nd8
15. Qf3 e6 16. Nh5 Rg6 17. Bxf8 Kxf8 18. O-O Nc6 19. Nf6 Qe7 20. Rab1 Na5 21.
h5 Rxf6 22. exf6 Qxf6 23. Qf4 b6 24. Rfe1 Nc4 25. Rbd1 Rc8 26. Rd3 Ke7 27. Rg3
a5 28. Qf3 Kd7 29. Qd1 Kc7 30. Qa4 Rb8 31. Qb5 Nd6 32. Qa6 Ne4 33. Rf3 Qg5 34.
c4 Nd2 35. Rg3 Qf4 36. cxd5 Ne4 37. Rf3 Qd2 38. Qc4+ Kd8 39. Re2 Qb4 40. Qc6
Qb1+ 41. Kh2 Rc8 42. Qb7 Rc1 43. Rxe4 Qxe4 44. Qxb6+ Ke8 45. Qb8+ Ke7 46. Qb7+
Ke8 47. Qb8+ Ke7 48. d6+ Kd7 49. Qb5+ Kxd6 50. Qb8+ Kd7 51. Rf4 Qd5 52. Qf8
Qxa2 53. Qxf7+ Kd6 54. Rxf5 Rh1+ 55. Kg3 Qb3+ 56. Rf3 Qd5 57. Qf8+ Kc6 58. Rc3+
Kb5 59. Rc5+ 1-0

[Event "Int. Stuttgarter Stadtmeisterschaft A"]
[Site "Ditzingen"]
[Date "2013.05.11"]
[Round "5.28"]
[White "Jurasin, Marin"]
[Black "Schulz, Jens Peter"]
[Result "1-0"]
[WhiteElo "2034"]
[BlackElo "1839"]
[PlyCount "101"]
[EventDate "2013.??.??"]
[WhiteTeam "SG Schönbuch"]
[BlackTeam "SV Dicker Turm Esslingen"]

1. c4 c5 2. Nc3 Nc6 3. g3 g6 4. Bg2 Bg7 5. e3 e5 6. Nge2 Nge7 7. Nd5 O-O 8.
Nec3 d6 9. O-O Rb8 10. a3 a5 11. Rb1 Be6 12. d3 f5 13. Bd2 Bf7 14. b4 axb4 15.
axb4 Nxd5 16. Nxd5 b6 17. Qa4 Ne7 18. Nc3 Qc7 19. Nb5 Qd7 20. Rfc1 d5 21. bxc5
bxc5 22. cxd5 Bxd5 23. Nc3 Bc6 24. Qc4+ Kh8 25. Bxc6 Nxc6 26. Na4 Rxb1 27. Rxb1
Re8 28. Nxc5 Qd6 29. Rb7 Re7 30. Rb6 Qc7 31. Na4 Nd8 32. Ba5 Qxc4 33. dxc4 Ra7
34. Rb8 Rxa5 35. Rxd8+ Bf8 36. Nb6 Kg7 37. Rd7+ Kh6 38. h4 Ra1+ 39. Kg2 Rc1 40.
Nd5 Rxc4 41. Nf6 g5 42. Nxh7 Bg7 43. Nxg5 Bf6 44. Rd5 Kg6 45. Nf3 Re4 46. Nd2
Ra4 47. Rd6 Kf7 48. Rc6 Ra2 49. Nc4 Ke7 50. h5 Rc2 51. Nxe5 1-0

[Event "Int. Stuttgarter Stadtmeisterschaft A"]
[Site "Ditzingen"]
[Date "2013.05.11"]
[Round "5.29"]
[White "Montigel, Philipp"]
[Black "Klaus, Dominik"]
[Result "1-0"]
[WhiteElo "2144"]
[BlackElo "1880"]
[PlyCount "51"]
[EventDate "2013.??.??"]
[WhiteTeam "SV Stuttgart-Wolfbusch 1956 e.V."]
[BlackTeam "Ssg Fils-Lauter e. V."]

1. e4 c5 2. Nc3 d6 3. g3 Nf6 4. Bg2 e6 5. d3 Be7 6. f4 Nc6 7. Nf3 Rb8 8. O-O b5
9. e5 dxe5 10. Nxe5 Nd4 11. a4 a6 12. axb5 axb5 13. Ne4 O-O 14. c3 Nxe4 15.
Bxe4 f6 16. Qh5 h6 17. cxd4 Qxd4+ 18. Kg2 fxe5 19. Ra7 Bd7 20. Qg6 Rf5 21. g4
c4 22. Rxd7 Qxd7 23. gxf5 exf5 24. Bxf5 Qc7 25. fxe5 Qxe5 26. Bf4 1-0

[Event "Int. Stuttgarter Stadtmeisterschaft A"]
[Site "Ditzingen"]
[Date "2013.05.11"]
[Round "5.30"]
[White "Rau, Jürgen"]
[Black "Steinhart, Christoph"]
[Result "1/2-1/2"]
[WhiteElo "2124"]
[BlackElo "1961"]
[PlyCount "40"]
[EventDate "2013.??.??"]
[WhiteTeam "SV Dicker Turm Esslingen"]
[BlackTeam "TSV Schönaich"]

1. c4 e5 2. g3 Nf6 3. Bg2 d5 4. cxd5 Nxd5 5. Nc3 Nb6 6. Nf3 Nc6 7. O-O Be7 8.
a3 f5 9. d3 Be6 10. b4 Bf6 11. Bd2 O-O 12. Rc1 g5 13. Be3 Nd4 14. Nd2 c6 15. f4
exf4 16. gxf4 g4 17. Bf2 Nd5 18. Nxd5 Bxd5 19. e4 Be6 20. Nc4 Nb5 1/2-1/2

[Event "Int. Stuttgarter Stadtmeisterschaft A"]
[Site "Ditzingen"]
[Date "2013.05.11"]
[Round "5.31"]
[White "Novak, Josua"]
[Black "Gabriel, Josef"]
[Result "1/2-1/2"]
[WhiteElo "1922"]
[BlackElo "2123"]
[PlyCount "106"]
[EventDate "2013.??.??"]
[WhiteTeam "TSV Münchingen"]
[BlackTeam "Stuttgarter SF 1879"]

1. e4 c5 2. Nf3 Nc6 3. d4 cxd4 4. Nxd4 Nf6 5. Nc3 e5 6. Ndb5 d6 7. Bg5 a6 8.
Na3 b5 9. Nd5 Be7 10. Bxf6 Bxf6 11. c3 Ne7 12. c4 Qa5+ 13. Qd2 Qxd2+ 14. Kxd2
Nxd5 15. cxd5 O-O 16. Bd3 Bd7 17. Nc2 Bg5+ 18. Ne3 g6 19. h4 Bh6 20. h5 Bg5 21.
f3 f5 22. hxg6 hxg6 23. exf5 e4 24. fxe4 Rae8 25. Rh3 Kg7 26. g4 Kf6 27. Rah1
Ke5 28. Ke2 gxf5 29. gxf5 Kd4 30. Rd1 Kc5 31. Rg1 Bf4 32. Rh4 Bxe3 33. Kxe3
Bxf5 34. Rc1+ Kb4 35. e5+ Ka5 36. Bxf5 Rxf5 37. e6 Rxd5 38. Re4 Kb6 39. Rc3 Re7
40. Rd3 Rxd3+ 41. Kxd3 Kc5 42. a4 d5 43. Rh4 Rxe6 44. axb5 a5 45. Rh8 Re4 46.
Ra8 Kxb5 47. Rd8 Kc6 48. Rc8+ Kd6 49. Rd8+ Kc5 50. Rc8+ Kb4 51. Rd8 Re5 52. Kd4
Re2 53. Rb8+ Ka4 1/2-1/2

[Event "Int. Stuttgarter Stadtmeisterschaft A"]
[Site "Ditzingen"]
[Date "2013.05.11"]
[Round "5.32"]
[White "Zeh, Rolf"]
[Black "Turski, Tomasz"]
[Result "1-0"]
[WhiteElo "1947"]
[BlackElo "2042"]
[PlyCount "63"]
[EventDate "2013.??.??"]
[WhiteTeam "SV 23 Böckingen"]
[BlackTeam "SC Ingersheim e.V."]

1. d4 Nf6 2. Nf3 g6 3. c4 Bg7 4. g3 O-O 5. Bg2 d5 6. Ne5 c6 7. Nc3 e6 8. O-O
Nbd7 9. f4 dxc4 10. Nxc4 Nb6 11. Ne5 Qe7 12. Be3 Rd8 13. Qc2 Ne8 14. Rad1 Nd6
15. Bf2 f6 16. Nf3 Nf7 17. e4 e5 18. dxe5 fxe5 19. f5 gxf5 20. exf5 Nd5 21. g4
Nf4 22. Ne4 h5 23. Bh4 Qf8 24. Bxd8 Nxd8 25. Qc4+ Nd5 26. Rxd5 cxd5 27. Qxd5+
Nf7 28. f6 Bh8 29. Nxe5 Bxg4 30. Ng5 Rd8 31. Qxf7+ Qxf7 32. Ngxf7 1-0

[Event "Int. Stuttgarter Stadtmeisterschaft A"]
[Site "Ditzingen"]
[Date "2013.05.11"]
[Round "5.33"]
[White "Severin, Andreas"]
[Black "Ivanov, Alexander"]
[Result "0-1"]
[WhiteElo "2035"]
[BlackElo "1910"]
[PlyCount "72"]
[EventDate "2013.??.??"]
[WhiteTeam "SV Reutlingen"]
[BlackTeam "SV Rottweil"]

1. d4 Nf6 2. Nf3 c5 3. c3 d5 4. e3 e6 5. Bd3 Bd6 6. Nbd2 Nbd7 7. O-O O-O 8. e4
cxd4 9. cxd4 dxe4 10. Nxe4 Be7 11. Ne5 Nd5 12. Ng3 Qc7 13. f4 Nxe5 14. fxe5 f5
15. Qb3 Qb6 16. Qxb6 Nxb6 17. b3 Rd8 18. Bb2 Bd7 19. Bc4 Nxc4 20. bxc4 Bc6 21.
Ne2 g5 22. g3 b5 23. c5 a5 24. Kf2 Kf7 25. Ke3 b4 26. a3 Rdb8 27. axb4 Rxb4 28.
Bc3 Rb3 29. Kd2 a4 30. Nc1 Rb7 31. Nd3 Rab8 32. Ba5 Bd8 33. Bxd8 Rxd8 34. Rfb1
Rxb1 35. Rxb1 Rxd4 36. Kc3 Rxd3+ 0-1

[Event "Int. Stuttgarter Stadtmeisterschaft A"]
[Site "Ditzingen"]
[Date "2013.05.11"]
[Round "5.34"]
[White "Häussler, Daniel"]
[Black "Hamm, Lukas"]
[Result "1/2-1/2"]
[WhiteElo "1992"]
[BlackElo "1890"]
[PlyCount "185"]
[EventDate "2013.??.??"]
[WhiteTeam "SC Ostfildern 1952 e.V."]
[BlackTeam "SV Stuttgart-Wolfbusch 1956 e.V."]

1. d4 d5 2. Nf3 Nf6 3. e3 e6 4. Bd3 Bd6 5. O-O O-O 6. Nbd2 Nbd7 7. Re1 Re8 8.
e4 dxe4 9. Nxe4 Nxe4 10. Rxe4 Nf8 11. Bg5 Be7 12. Bxe7 Qxe7 13. Re3 Bd7 14. c4
f6 15. Qc2 Qf7 16. Be4 Rab8 17. Rae1 Red8 18. c5 c6 19. Bd3 Re8 20. Nd2 Rbd8
21. Nc4 Bc8 22. Nd6 Rxd6 23. cxd6 Qd7 24. Qc5 Rd8 25. Bc2 Qxd6 26. Qxd6 Rxd6
27. Rd1 Ng6 28. Bxg6 hxg6 29. Ra3 a6 30. Kf1 Kf7 31. Ke2 Rd5 32. Rb3 Ra5 33. a3
Rg5 34. g3 Rd5 35. Ke3 Ke7 36. Rc1 Rh5 37. h4 Kd6 38. Rbc3 Bd7 39. Rc5 Rh8 40.
f4 Rh7 41. Kf3 Rh8 42. Rh1 Be8 43. g4 b6 44. Rc2 Kd5 45. Ke3 Kd6 46. Rch2 f5
47. Rg1 Ke7 48. gxf5 exf5 49. Kf3 Kf6 50. Re1 Bf7 51. Re5 Rd8 52. Ke3 Rh8 53.
a4 Bb3 54. a5 b5 55. Kd3 Bd5 56. Kc3 Bf3 57. Kb4 Rd8 58. Kc5 Kf7 59. Rh3 Bg2
60. Rh2 Bf3 61. Rd2 Rh8 62. Re3 Bd5 63. Rh2 Rd8 64. Kb6 Be4 65. Rd2 Ra8 66. Kb7
Rh8 67. Rh3 g5 68. fxg5 f4 69. Kxa6 Kg6 70. Kb6 Kf5 71. Rf2 Kg4 72. Rhh2 f3 73.
Kc5 Kg3 74. Kd6 g6 75. b4 Rd8+ 76. Ke5 Re8+ 77. Kd6 Rd8+ 78. Kc7 Rxd4 79. Rb2
Bd5 80. Kd6 Re4 81. a6 Rf4 82. a7 Rf8 83. Rh1 f2 84. Rf1 Ra8 85. Rbxf2 Rxa7 86.
Rf4 Rh7 87. Rd4 Rxh4 88. Rd3+ Kg2 89. Rc1 Rf4 90. Rc2+ Rf2 91. Rcc3 Rb2 92. Kc5
Kf2 93. Rh3 1/2-1/2

[Event "Int. Stuttgarter Stadtmeisterschaft A"]
[Site "Ditzingen"]
[Date "2013.05.11"]
[Round "5.35"]
[White "Schmidt, Tobias"]
[Black "Giricz, Thomas"]
[Result "1-0"]
[WhiteElo "1924"]
[BlackElo "1875"]
[PlyCount "57"]
[EventDate "2013.??.??"]
[WhiteTeam "SC Tamm 74"]
[BlackTeam "VfL Sindelfingen"]

1. e4 c5 2. c3 Nf6 3. e5 Nd5 4. Nf3 d6 5. d4 cxd4 6. Qxd4 e6 7. Nbd2 Be7 8.
exd6 Bf6 9. Qa4+ Bd7 10. Bb5 O-O 11. Ne4 Nc6 12. Qd1 Rc8 13. O-O a6 14. Bd3 h6
15. Qe2 b5 16. Nc5 Na5 17. Nxa6 Qb6 18. Nb4 Nc4 19. Qe4 g6 20. Bxc4 Rxc4 21.
Nxd5 exd5 22. Qxd5 Be6 23. Qd3 Bg7 24. Be3 Qb7 25. Bd4 Bd5 26. Bxg7 Kxg7 27.
Rfd1 Be4 28. Qe2 Rd8 29. Nd2 1-0

[Event "Int. Stuttgarter Stadtmeisterschaft A"]
[Site "Ditzingen"]
[Date "2013.05.11"]
[Round "5.36"]
[White "Ackermann, Hermann"]
[Black "Weber, Sandra"]
[Result "1/2-1/2"]
[WhiteElo "1973"]
[BlackElo "1766"]
[PlyCount "76"]
[EventDate "2013.??.??"]
[WhiteTeam "SC Pforzheim 1906"]
[BlackTeam "SC Neckarsulm e.V."]

1. Nf3 Nf6 2. c4 g6 3. Nc3 Bg7 4. d4 d6 5. Bg5 Nbd7 6. Qd2 O-O 7. Bh6 e5 8.
Bxg7 Kxg7 9. dxe5 Nxe5 10. Nd4 Nxc4 11. Qf4 Ne5 12. h3 Qe7 13. O-O-O a6 14. g4
c5 15. Nf3 Nxf3 16. Qxf3 Be6 17. e4 b5 18. Qf4 b4 19. Nd5 Bxd5 20. exd5 Qe4 21.
Qxe4 Nxe4 22. Rh2 Rfe8 23. f3 Nf6 24. f4 a5 25. g5 Nh5 26. Rf2 Ng3 27. Bd3 Nf5
28. Bxf5 gxf5 29. h4 Re3 30. h5 Rae8 31. Kd2 R8e4 32. Rc1 a4 33. Rc2 a3 34. b3
Re1 35. Rc1 R1e3 36. Rc2 Re1 37. Rc1 R1e3 38. Rc2 Re1 1/2-1/2

[Event "Int. Stuttgarter Stadtmeisterschaft A"]
[Site "Ditzingen"]
[Date "2013.05.11"]
[Round "5.37"]
[White "Ast, Bernhard"]
[Black "Srokovskiy, Andrea"]
[Result "1-0"]
[WhiteElo "1962"]
[BlackElo "1767"]
[PlyCount "75"]
[EventDate "2013.??.??"]
[WhiteTeam "SC Iffezheim"]
[BlackTeam "OSG Baden-Baden"]

1. c4 c5 2. Nf3 Nf6 3. d4 cxd4 4. Nxd4 e6 5. g3 Bc5 6. Nb3 Bb4+ 7. Bd2 Bxd2+ 8.
N1xd2 d5 9. Bg2 O-O 10. O-O Nc6 11. Rc1 e5 12. cxd5 Nxd5 13. Nc4 Nde7 14. e3
Qc7 15. Qd6 Qd8 16. Qa3 Bf5 17. Nca5 Qc7 18. Nxb7 Qxb7 19. Na5 Qb4 20. Nxc6
Qxa3 21. bxa3 Nxc6 22. Rxc6 Rab8 23. Rfc1 Bd3 24. Bd5 Rb5 25. Bb3 e4 26. Rc7 a6
27. Rxf7 Rbb8 28. Re7+ Kh8 29. h4 Rb6 30. Rcc7 Rg6 31. h5 Rh6 32. Rf7 Rd8 33.
g4 g6 34. Kh2 Be2 35. Kh3 g5 36. Rg7 Rf8 37. Rxg5 Bf3 38. Rcg7 1-0